Guess the StarCraft 1 Unit - Statistics

General Stats
  • This quiz has been taken 31 times
  • The average score is 35 of 44
Answer Stats
Picture Answer % Correct
Ghost
100%
Zergling
100%
Battlecruiser
91%
Dark templar
91%
Dragoon
91%
Drone
91%
High templar
91%
Hydralisk
91%
Marine
91%
Mutalisk
91%
Overlord
91%
Queen
91%
SCV
91%
Siege tank
91%
Wraith
91%
Archon
82%
Cocoon
82%
Dark archon
82%
Firebat
82%
Goliath
82%
Larva
82%
Medic
82%
Observer
82%
Probe
82%
Science vessel
82%
Scout
82%
Spider mine
82%
Ultralisk
82%
Vulture
82%
Zealot
82%
Arbiter
73%
Carrier
73%
Dropship
73%
Lurker
73%
Corsair
64%
Defiler
64%
Guardian
64%
Interceptor
64%
Reaver
64%
Shuttle
64%
Valkyrie
64%
Broodling
55%
Devourer
55%
Scourge
55%
No matching quizzes found
Score Distribution
Percent of People with Each Score
Percentile by Number Answered
Your Score History
You have not taken this quiz